00243nam a2200097 4500020001500000082002000015100002100035245004300056260003900099300000700138 a9552305705 a576 COOb007545 aCoomaraswamy Uma aGrowth & Cultivation of Microorganisms bOpen University of Sri Lankac1989 a81